| 000 | 00501nam a2200181Ia 4500 | ||
|---|---|---|---|
| 008 | 230711s9999||||xx |||||||||||||| ||und|| | ||
| 020 | _a978-0-07-463113-3 | ||
| 041 | _aENG | ||
| 082 |
_a511.1 _bTR-D |
||
| 100 | _aTremblay,J.P | ||
| 245 | 0 | _aDiscrete mathematical structures with applications to computer science | |
| 250 | _a1st Ed. | ||
| 260 |
_c2015 _aNew Delhi _bMcGraw Hill Education(India) Private Limited |
||
| 300 | _a606p. | ||
| 650 | _aMathematics | ||
| 700 | _aManohar,R | ||
| 942 | _cBK | ||
| 999 |
_c5797 _d5797 |
||